00928cam a22002535a 450000100100000000500170001000800410002702000150006802000180008304000300010108200210013110000280015224500660018026000500024630000350029649000490033150400510038065000360043165000370046765300280050494200080053299900170054095201170055701002863220180305125200.0990621s1998 nyua frb 001 0 eng d a0070323887 a9780070323889 aIeDuTCdUkdEG-ScBUEbeng04a621.402222bJAL1 aJaluria, Yogesh.93809310aDesign and optimization of thermal systems /cYogesh Jaluria. aNew York :bThe McGraw-Hill Companies,c1998. axiii, 626 p. :bill. ;c25 cm.0 aMcGraw-Hill series in mechanical engineering aIncludes bibliographical references and index. 7aHeat engineering.2BUEsh912963 7aEngineering design.2BUEsh93587 bGGENbENGGENcMarch2018 2ddc c26234d26206 00102ddc4070aMAINbMAINc1STd2018-03-05l1m25o621.402 JALp000047339r2025-07-15 00:00:00s2019-12-04yBB